Princípy základného počítača

Bibliographic Details
Main Author: Iliffe, J.K., 1931- (Author)
Other Authors: Molnár, Ľudovít, 1940- (Translator)
Format: Book
Language:Slovak
English
PhysicalDescription:122 strán schémy, tabuľky 21 cm
Published: Bratislava Alfa 1974
Edition:1. vyd.
Series:Redakcia teoretickej literatúry
Subjects:

MARC

LEADER 00000cam a2200000 a 4500
001 vtls008355823
003 SK-MaSNL
005 20260301020652.0
008 230501s1974 xo al grfn 001 0 slo
015 |a SNBA1974/12-03152 
020 |q (viazané) 
035 |a SK01SNK19740048040 
035 |a EEDDA562-A3E7-4417-B23F-37261C0523EA 
035 |a urn:nbn:sk:snk-am00idii 
035 |a SKM000050503 
040 |a SNK  |b slo  |c SNK  |e AACR2 
041 1 |a slo  |h eng 
044 |a xo  |c SK 
072 7 |a 004.3  |x Počítače. Hardvér  |2 konspekt 
072 7 |a 004.4/.6  |x Programovanie. Softvér  |2 konspekt 
080 |a 004.38  |2 2011 
080 |a 004.42  |2 2011 
080 |a (035)  |2 2011 
100 1 |a Iliffe, J.K.,  |d 1931-  |4 aut  |9 308422 
240 1 0 |a Basic machine principles  |l Slovensky 
245 1 0 |a Princípy základného počítača  |c J.K. Iliffe ; [z 3. vydania anglického originálu Basic machine principles ... preložil Ľudovít Molnár] 
250 |a 1. vyd. 
260 |a Bratislava  |b Alfa  |c 1974 
300 |a 122 strán  |b schémy, tabuľky  |c 21 cm 
366 |e 3000 kusov 
490 1 |a Redakcia teoretickej literatúry 
504 |a Bibliografia na strane 121. Register 
650 0 7 |a počítače  |2 SNKPH  |9 2027 
650 0 7 |a programovanie  |2 SNKPH  |9 22041 
650 0 7 |a samočinné počítače  |2 SNKPH  |9 308242 
655 7 |a príručky  |2 SNKPH  |9 74364 
700 1 |a Molnár, Ľudovít,  |d 1940-  |4 trl  |9 212431 
830 0 |a Redakcia teoretickej literatúry  |9 308423 
852 |a Slovenská národná knižnica 
954 |a odborná, vedecká literatúra cudzojazyčná (svetová)  |2 lita 
958 |a RK 
958 |a TL 
958 |a OND 
958 |a OP 
958 |a NB 
958 |a EUIPO 
999 |c 563518  |d 565448 
952 |a SNK  |b SNK  |y VYP  |7 0  |p 17A0536974  |o snkSC 35225 D2  |i snkK 415/75  |8 3  |0 0  |1 0  |4 0  |d 2007-02-05  |l 0  |r 2026-02-23 13:49:55  |w 2026-02-23 
952 |a SNK  |b SNK  |y PREZ  |7 0  |p 17A0968949  |o snkSC 35225  |i snkKSP 192/75  |0 0  |1 0  |4 0  |d 2012-10-16  |f 1  |l 0  |r 2025-10-03 00:00:00  |w 2026-02-23 
952 |a SNK  |b SNK  |y VYP  |7 0  |p 17A1152669  |o snkSC 35225 D3  |i snkK 1072/75  |8 3  |0 0  |1 0  |4 0  |d 2017-09-30  |l 0  |r 2026-02-23 13:49:55  |w 2026-02-23 
952 |a SNK  |b SNK  |y VYP  |7 0  |p 17A1152630  |o snkSC 35225 D1  |i snkKSP 193/75  |0 0  |1 0  |4 0  |d 2017-10-12  |l 0  |r 2026-02-23 13:49:55  |w 2026-02-23